Sociálne siete ako nástroj marketingovej komunikácie a riadenia vzťahov s verejnosťou bakalárska práca

Salvato in:
Dettagli Bibliografici
Autore principale: Kováč, Martin
Ente Autore: Fakulta podnikového manažmentu EU. Katedra podnikovohospodárska
Altri autori: Štetka, Peter, 1986-
Natura: Libro
Lingua:slovacco
Pubblicazione: Bratislava 2012
Tags: Aggiungi Tag
Nessun Tag, puoi essere il primo ad aggiungerne!!

MARC

LEADER 00000nbm a2200000 4500
001 0153811
005 20161109111809.1
041 0 |a slo 
044 |a SK 
245 1 0 |a Sociálne siete ako nástroj marketingovej komunikácie a riadenia vzťahov s verejnosťou  |b bakalárska práca  |c Martin Kováč ; školiteľ: Peter Štetka 
264 1 |a Bratislava  |c 2012 
300 |a 50 s. 
100 1 |a Kováč, Martin 
700 1 |a Štetka, Peter, 1986- 
710 2 |a Fakulta podnikového manažmentu EU. Katedra podnikovohospodárska